000 00500nam a2200157 i 4500
001 158426
003 ES-MaACL
005 20230906211138.0
008 040830s1886 xxu |||| | eng d
040 _aCAM
_bspa
_cCAM
100 1 _aMacy, Jesse.
_9129305
245 1 0 _aOur government
_b: how it grew, what it does, and how it does it /
_cby Jesse Macy.
260 _aBoston :
_bGinn and company,
_c1886.
300 _aXI, 238 p. ;
_c19 cm.
852 _aES-MaACL
_jG-10924
_z-- Enc. editorial en tela
999 _c158426
_d158426